Nations that Maintained Relations with Germany - Statistics

General Stats
  • This quiz has been taken 15 times
  • The average score is 24 of 31
Answer Stats
Date Continent with Most Land in Country % Correct
2 July, 1951 North America United States
100%
28 January, 1952 Oceania Australia
93%
10 July, 1951 South America Brazil
93%
8 November, 1951 North America Canada
93%
27 June, 1951 Europe Denmark
93%
2 December, 1950 Europe Italy
93%
6 March, 1951 Europe Netherlands
93%
20 June, 1951 Europe United Kingdom
93%
30 December, 1951 South America Argentina
87%
27 June, 1951 Europe Belgium
87%
11 July, 1951 Europe France
87%
26 July, 1951 Europe Ireland
87%
19 April, 1952 Asia Japan
87%
23 April, 1951 Europe Luxembourg
87%
10 May, 1951 Europe Norway
87%
14 August, 1951 Africa South Africa
87%
7 March, 1951 Asia India
80%
28 June, 1951 South America Peru
80%
4 April, 1951 Europe Sweden
80%
30 May, 1952 Europe Switzerland
80%
4 February, 1952 South America Chile
73%
12 July, 1951 Europe Greece
73%
17 December, 1951 North America Panama
67%
9 January, 1952 South America Uruguay
67%
28 April, 1952 South America Venezuela
67%
30 May, 1952 Europe Liechtenstein
53%
16 October, 1951 Europe Monaco
47%
15 October, 1951 Asia Pakistan
47%
26 February, 1952 Asia Iran
40%
10 April, 1952 North America Nicaragua
40%
8 December, 1951 Europe Serbia
27%
No matching quizzes found
Score Distribution
Percent of People with Each Score
Percentile by Number Answered
Your Score History
You have not taken this quiz